000
00305nam a2200121Ia 4500
005
20251222175920.0
008
251222s9999||||xx |||||||||||||| ||spa||
020
_a
8425306108
082
_a
330/B74
100
_a
Borisov, Evgeniĭ Filippovich
245
0
_a
Diccionario de Economía Política
942
_c
LIB
999
_c
40655
_d
40655